00981cam a2200277 a 450000100100000000500170001000800410002702000150006804000250008308200180010810000310012624000300015724501080018726000380029530000210033349000250035453400690037960000400044860000360048865000260052465000300055065000380058070000310061870000320064983000220068100000820520200929154501.0090915s2000 dr 000 f spa d a8481302139 aDO-SdBNPbspacBNPHU a813.54bC246a1 aCapote, Truman,d1924-198410aIn cold blood.lEspañol10aA sangre fría /cTruman Capote ; traducción de Fernando Rodríguez ; prólogo de Clara Sánchez. aSanto Domingo :bEl Siglo,c2000. a319 p. ;c21 cm.1 aJoyas del mileniov5 pTítulo original:tIn cold blood.cBarcelona : Bibliotex, 2000.14aHICKOCK, RICHARD EUGENE,d1931-196514aSMITH, PERRY EDWARD,d1928-1965 4aNovela estadounidense 4aLiteratura estadounidense 4aAsesinatozEstados UnidosvNOVELA1 aSánchez, Clara,epról.1 aRodríguez, Fernando,etr. 4aJoyas del milenio